Heterogeneities : (Record no. 64927)

MARC details
000 -LEADER
fixed length control field 00806nam a22002177a 4500
005 - DATE AND TIME OF LATEST TRANSACTION
control field 20120412162211.0
008 - FIXED-LENGTH DATA ELEMENTS--GENERAL INFORMATION
fixed length control field 120412t xxu||||| |||| 00| 0 eng d
010 ## - LCCN (DPL NO)
LC control number ENG-104979
020 ## - INTERNATIONAL STANDARD BOOK NUMBER
International Standard Book Number 9788189487690
Terms of availability 500.00
035 ## - SYSTEM CONTROL NUMBER
System control number EN-88512
037 ## - SOURCE OF ACQUISITION
Source of stock number/acquisition DBAD/PUB
040 ## - CATALOGING SOURCE
Original cataloging agency DPL
Language of cataloging Eng
082 ## - DEWEY DECIMAL CLASSIFICATION NUMBER
Classification number 320.0954
100 ## - MAIN ENTRY--PERSONAL NAME
Personal name Datta, Pardip Kumar
9 (RLIN) 45004
245 ## - TITLE STATEMENT
Title Heterogeneities :
Statement of responsibility, etc by Pardip kumar Datta
Remainder of title identity formations in modern India /
260 ## - PUBLICATION, DISTRIBUTION, ETC. (IMPRINT)
Place of publication, distribution, etc New Delhi
Name of publisher, distributor, etc Tulika Books
Date of publication, distribution, etc 2010
270 ## - ADDRESS
Address 35 A/1 (third floor), Shahpur Jat
City New Delhi
Postal code 110049
300 ## - PHYSICAL DESCRIPTION
Extent ix,269p.
Dimensions 24cm(Hb)
942 ## - ADDED ENTRY ELEMENTS (KOHA)
Source of classification or shelving scheme Dewey Decimal Classification
Item type English Books
Call number suffix DAT
Classification part 320.0954
Holdings
Withdrawn status Lost status Source of classification or shelving scheme Damaged status Not for loan Collection code Home library Current library Date acquired Source of acquisition Cost, normal purchase price Total Checkouts Full call number Barcode Date last seen Copy number Cost, replacement price Koha item type
    Dewey Decimal Classification   Not For Loan Non-fiction D.B.Act.Division D.B.Act.Division 12/04/2012 DBAD/PUB 500.00   320.0954 DAT EN-88512 12/04/2012 1 500.00 English Books

© Delhi Public Library
Hit Counter
free hit counter